000 00635nam a2200217Ia 4500
005 20250326144529.0
008 250326s9999 xx 000 0 und d
020 _a978-0-7546-4859-8
037 _aTextbook
040 _aFMSL
_beng
_cFMSL
041 _aeng
_2eng
084 _aX:89ZB.4 P7
_qFMSL
100 _aDaniels P W
_9266509
245 0 _aServices and economic development in the Asia-Pacific
_cDaniels P W; Harrington J W
260 _aEngland
_bEngland, Ashgate
_c2007
300 _a246p
365 _b4811.3999999999996
650 _aEconomics
942 _cTB
_hX:89ZB.4 P7
999 _c1304061
_d1304061